000 00734nam a2200217Ia 4500
003 GCL
008 140319s9999 xx 000 0 ara d
040 _aGCL /
_cGCL
082 0 4 _a320.956903
_bم ل
100 1 _aممدوح نوفل
245 1 0 _aليلة انتخاب الرئيس /
_cممدوح نوفل
250 _aالاولى
260 _aالاردن :
_bدار الشروق ،
_c2005
300 _a373ص ؛
_c24سم
650 0 4 _aالقضية الفلسطينية
650 0 4 _aفلسطين - الوضع الدولى
650 0 4 _aفلسطين - الاحوال السياسية
650 0 4 _aالانتخابات - فلسطين
650 0 4 _aفلسطين - الاضطرابات السياسية
942 _2ddc
_cBK
999 _c8531
_d8531